Ab imo pectore: Estudios sobre las emociones en la Antigüedad

محفوظ في:

المؤلف الرئيسي: Paula Arbeloa Borbón

التنسيق: كتاب

اللغة: Undetermined

الوصول للمادة أونلاين: Login to view Source

الوسوم: إضافة وسم

لا توجد وسوم, كن أول من يضع وسما على هذه التسجيلة!

رقم الطلب:

LEADER 00482nmm a2200133Ia 4500
008 240716s9999||||xx |||||||||||||||||und||
020 |a 9781803276823 
020 |a 9781803276830 
100 |a Paula Arbeloa Borbón 
245 1 0 |a Ab imo pectore: Estudios sobre las emociones en la Antigüedad  |c Paula Arbeloa Borbón 
264 |b Archaeopress Access Archaeology  |c 11-يناير-24 
856 4 0 |u http://library.arce.org:8087/Archaeopress/Products/9781803276823 
942 |2 lcc  |c EBOOK 
999 |c 58962  |d 58962